000 004360000a22001810004500
003 MACL
005 20160129155159.0
008 160129b xxu||||| |||| 00| 0 eng d
040 _aMACL
_cMACL
041 _aEnglish
082 _a800/KUM
100 _aZiglar, Zig
_933759
245 _aSomething to Smile About
260 _bMagna Publishing
_c2000
_aMumbai
350 _a175
650 _aFiction
_935575
942 _cBK
_k823/zip
_2ddc
999 _c31780
_d31780